| 000 | 00771cam a22002533a 4500 | ||
|---|---|---|---|
| 001 | 23705 | ||
| 003 | PGUSA | ||
| 005 | 20140828083515.0 | ||
| 008 | 071201s2007||||xxu|||||s|||||000 | eng d | ||
| 040 |
_aPGUSA _beng |
||
| 042 | _adc | ||
| 050 | 4 | _aCT | |
| 050 | 4 | _aHQ | |
| 100 | 1 |
_aAbbott, L. A., _d1813- |
|
| 245 | 1 | 0 |
_aSeven Wives and Seven Prisons : _bOr, Experiences in the Life of a Matrimonial Monomaniac _h[electronic resource] / _cL. A. Abbott |
| 260 |
_bProject Gutenberg, _c2007 |
||
| 506 | _aPublic domain in the USA. | ||
| 516 | _aElectronic text | ||
| 653 | _aDivorce -- United States | ||
| 653 | _aMarriage customs and rites -- United States | ||
| 830 | 0 |
_aProject Gutenberg _v23705 |
|
| 856 | 4 | 0 | _uhttp://www.gutenberg.org/ebooks/23705 |
| 942 | _cEB | ||
| 999 |
_c252960 _d252960 |
||